Goodwill a jeho účtovné zobrazenie diplomová práca

Na minha lista:
Detalhes bibliográficos
Autor principal: Sivoňová, Kristína
Autor Corporativo: Fakulta hospodárskej informatiky EU. Katedra účtovníctva a audítorstva
Outros Autores: Hornická, Renáta, 1977-
Formato: Livro
Idioma:eslovaco
Publicado em: Bratislava 2018
Tags: Adicionar Tag
Sem tags, seja o primeiro a adicionar uma tag!

MARC

LEADER 00000nbm a2200000 4500
001 0243596
005 20181108092548.0
041 0 |a slo 
044 |a SK 
245 1 0 |a Goodwill a jeho účtovné zobrazenie  |b diplomová práca  |c Kristína Sivoňová ; školiteľ: Renáta Hornická 
264 1 |a Bratislava  |c 2018 
300 |a 69 s. 
100 1 |a Sivoňová, Kristína 
700 1 |a Hornická, Renáta, 1977- 
710 2 |a Fakulta hospodárskej informatiky EU. Katedra účtovníctva a audítorstva